000 01037nam a2200277Ia 4500
003 OSt
005 20220923211603.0
006 a|||||r|||| 00| 0
007 ta
008 220922b |||||||| |||| 00| 0 san d
020 _a9789387297272 (hbk)
_c350
024 _a348,107
037 _b239, 16/01/2019, Eastern Book Linkers
_cTextual
040 _aARTS
_cARTS
_bsan
041 _2san
_asan
082 _aO15:g(LB), 152Q8
100 _aमोनिका, संपा.
245 0 _aसंस्कृत साहित्य में आयुर्वेद
246 _aSanskṛut sāhitya mean āyurveda
260 _aजोधपुर
_b राजस्थानी ग्रंथागार
_c2018
300 _a144पृ0
_ccm.
650 _a आयुर्वेद औषधी
_9160883
650 _aसंस्कृत साहित्य
942 _hO15:g(LB), 152Q8
_cTEXL
_2CC
999 _c301087
_d301087